Normal view
MARC view
- Kunhukuttan, Thampuran .
Entry Personal Name
001 - CONTROL NUMBER
- control field: 4371
003 - CONTROL NUMBER IDENTIFIER
- control field: OSt
005 - DATE AND TIME OF LATEST TRANSACTION
- control field: 20191022220853.0
008 - FIXED-LENGTH DATA ELEMENTS
- fixed length control field: 191022|| aca||aabn | a|a d
040 ## - CATALOGING SOURCE
- Original cataloging agency: OSt
- Transcribing agency: OSt
100 ## - HEADING--PERSONAL NAME
- Personal name: Kunhukuttan, Thampuran .
670 ## - SOURCE DATA FOUND
- Source citation: Work cat.: (OSt): Kunhukuttan, Thampuran ., Bhashabharatham: Virata parvam / II, 1954.
